Homenaje al Bicentenario: 1791-1991

Đã lưu trong:
Chi tiết về thư mục
Nhiều tác giả của công ty: Universidad Nacional de Córdoba (autore), Facultad de Derecho y Ciencias Sociales (Tác giả)
Định dạng: Sách
Ngôn ngữ:Tiếng Tây Ban Nha
Được phát hành: Córdoba Universidad Nacional de Córdoba 1991
Phiên bản:1a. ed
Những chủ đề:
Các nhãn: Thêm thẻ
Không có thẻ, Là người đầu tiên thẻ bản ghi này!

MARC

LEADER 00000cam a2200000 a 4500
001 UCD2515
003 CL-VaPUC
008 160428e19911200ag |||||||||||||||||spa|d
082 0 4 |a 340.072  |b UNI  |2 21 
110 |a Universidad Nacional de Córdoba  |e autore  |9 585870 
710 2 |a Facultad de Derecho y Ciencias Sociales  |e author  |9 585871 
245 1 0 |a Homenaje al Bicentenario: 1791-1991 
250 |a 1a. ed 
300 |a t 
942 |c BK 
945 |d 20160428 21:50:00  |a arojas 
260 |a Córdoba  |b Universidad Nacional de Córdoba  |c 1991 
650 0 |a Homenajes  |9 258192 
650 0 |a Bicentenario  |9 518566 
650 0 |a Escuelas de derecho  |9 257536 
650 0 |a Enseñanza del derecho  |9 354184 
650 0 |a Universidades  |9 256317 
583 |a last modification  |c 20160428 21:50:00  |k Rodrigo Vera 
999 |c 363675  |d 363673 
952 |0 0  |1 0  |3 erb  |4 0  |6 340_072000000000000_UNI_1991  |7 0  |8 DER_HDC  |9 476325  |a BIBDER  |b BIBDER  |h t.1  |i 5283728  |o 340.072 UNI 1991  |p 5283728  |r 2023-01-25  |w 2019-11-24  |x Ubicación 4to Piso  |y BK  |z Estos recursos deben solicitarse con anticipación  |k DER 
952 |0 0  |1 0  |3 erb  |4 0  |6 340_072000000000000_UNI_1991  |7 0  |8 DER_HDC  |9 476326  |a BIBDER  |b BIBDER  |h t.2  |i 5283736  |o 340.072 UNI 1991  |p 5283736  |r 2023-01-25  |w 2019-11-24  |x Ubicación 4to Piso  |y BK  |z Estos recursos deben solicitarse con anticipación  |k DER